Regioni di nascita delle celebrità italiane - Statistics

Statistiche generali
  • Questo quiz è stato fatto 50 volte
  • Il punteggio medio è 10 su 15
Statistiche sulle risposte
Persona Regione % Corretto
Luigi Pirandello Sicilia
88%
Mara Venier Veneto
83%
Angelina Mango Basilicata
81%
Gabriele D'Annunzio Abruzzo
77%
Andrea Bocelli Toscana
75%
Corrado Lazio
73%
Francesco Moser Trentino-Alto Adige
73%
Anna Pepe Liguria
71%
Loredana Bertè Calabria
69%
Grazia Deledda Sardegna
69%
Raffaella Carrà Emilia-Romagna
65%
Samira Lui Friuli-Venezia Giulia
56%
Gianni Versace Calabria
50%
Eugenio Montale Liguria
50%
Giorgio Armani Emilia-Romagna
33%
Nessun quiz corrispondente trovato
Distribuzione punteggi
Percentuale di utenti per punteggio
Percentile per numero di risposta
I tuoi punteggi nel tempo
Non hai fatto questo quiz